| 000 | 01188cam a22003137a 4500 | ||
|---|---|---|---|
| 999 |
_c8295 _d8295 |
||
| 001 | 16998848 | ||
| 003 | GZU | ||
| 005 | 20210519100621.0 | ||
| 008 | 111013s2012 maua b 001 0 eng d | ||
| 010 | _a 2011284527 | ||
| 020 | _a9780240811581 (pbk.) | ||
| 035 | _a(OCoLC)ocn748743893 | ||
| 040 |
_aCVU _cCVU _dCDX _dYDXCP _dDLC |
||
| 042 | _alccopycat | ||
| 050 | 0 | 0 |
_aPN1995.9. _bHUR 2012 |
| 100 | 1 | _aHurbis-Cherrier, Mick. | |
| 245 | 1 | 0 |
_aVoice & vision : _ba creative approach to narrative film and DV production / _cMick Hurbis-Cherrier. |
| 246 | 3 | _aVoice and vision | |
| 250 | _a2nd ed. | ||
| 260 |
_aBurlington, MA : _bFocal Press, _cc2012. |
||
| 300 |
_axxii, 577 p., [8] p. of plates : _bill. (some col.) ; _c28 cm. |
||
| 504 | _aIncludes bibliographical references (p. 529-539) and index. | ||
| 504 | _aIncludes filmography (p. 541-557). | ||
| 650 | 0 |
_aMotion pictures _xProduction and direction. |
|
| 650 | 0 | _aDigital video. | |
| 906 |
_a7 _bcbc _ccopycat _d2 _encip _f20 _gy-gencatlg |
||
| 942 |
_2lcc _cBK _h1995.9 _iHUR _kPN |
||